00633nam a2200193Ia 450000500170000000800460001702000180006303700100008104000180009104100130010908400080012210000350013024500560016526000570022185600390027894200100031799900210032795200910034820260120131152.0008 260114s9999 xx 000 0 eng d a9780191810190 aEBOOK aCRLbengcCRL aeng2eng qCRL aStern, Gregory, Cutler9923777 0aAnatomy of the Monocotyledons Volume X: Orchidaceae bOxford University PressOxford University Pressc2015 uhttps://academic.oup.com/book/3510 cEBOOK c1515691d1515691 00104070aCRLbCRLd2026-01-20l0pCL1899180r2026-01-20 13:11:52w2026-01-20yEBOOK